| 000 | 00638nam a2200193Ia 4500 | ||
|---|---|---|---|
| 005 | 20250508164945.0 | ||
| 008 | 008 250505s9999 xx 000 0 eng d | ||
| 037 | _aDissertations | ||
| 040 |
_aFEDL _beng _cFEDL |
||
| 041 |
_aeng _2eng |
||
| 084 |
_a371.146, UPP/DI _qFEDL |
||
| 100 |
_aUppal Neha _9779583 |
||
| 245 | 0 | _aEvaluative study of the in-service programme organized by FDRC, Army Public Schools, for the mathematics teachers at the secondary level | |
| 260 | _c2010 | ||
| 300 | _a174p. | ||
| 546 | _aM.Ed. Dissertation (Delhi University) | ||
| 942 |
_cDIS _h371.146, UPP/DI |
||
| 999 |
_c1392264 _d1392264 |
||